Statistics for 人类的生物学分类 Human biological evolution classification

Click here to take the quiz!

General Stats

  • This quiz has been taken 26 times
  • The average score is 14 of 29

Answer Stats

分类学名拉丁学名% Correct
人属Homo
100%
亚族人亚族Hominina
100%
人族Hominini
100%
亚科人亚科Homininae
100%
人科Hominidae
100%
总界动物总界Holozoa
96%
动物界Animalia
96%
灵长目Primates
92%
总目灵长总目Euarchontoglires
92%
智人Homo sapiens
75%
亚门脊椎动物亚门Vertebrata
71%
哺乳动物纲Mammalia
71%
脊索动物门Chordata
63%
真核域Eukarya
50%
总科人猿总科Hominoidea
38%
下目类人猿下目Simiiformes
25%
总门后口动物总门Deuterostomia
25%
下纲真兽下纲Eutheria
21%
总纲四足总纲Tetrapoda
21%
亚目简鼻亚目Haplorrhini
13%
小目狭鼻小目Catarrhini
13%
高纲硬骨鱼高纲Osteichthyes
13%
下门有颌下门Gnathostomata
13%
大目真灵长大目Euarchonta
8%
亚纲兽亚纲Theriiformes
4%
小门真有颌类Eugnathostomata
4%
高目北方真兽高目Boreoeutheria
4%
上目灵长形上目Primatomorpha
0%
亚界真后生动物亚界Eumetazoa
0%

Score Distribution

Percentile by Number Answered

Percent of People with Each Score

Your Score History

You have not taken this quiz